[Event "CZE-ch U20 Girls"]
[Site "Jaromerice nad Rokytnou"]
[Date "2023.03.17"]
[Round "8"]
[White "Trasakova, Adela"]
[Black "Sulcova, Tereza Radmila"]
[Result "1/2-1/2"]
[WhiteElo "1894"]
[BlackElo "1723"]
[PlyCount "69"]
[EventDate "2023.03.11"]
[EventType "tourn"]
[EventRounds "9"]
[EventCountry "CZE"]
[SourceTitle "CBM 213 Extra"]
[Source "ChessBase"]
[SourceDate "2023.05.31"]
[SourceVersion "1"]
[SourceVersionDate "2023.05.31"]
[SourceQuality "1"]

1. d4 f5 2. Nf3 Nf6 3. g3 d6 4. Bg2 g6 5. 0-0 Bg7 6. b3 0-0 7. Bb2 Nc6 8. c4 e5 9. dxe5 dxe5 10. Qxd8 Rxd8 11. Nxe5 Nxe5 12. Bxe5 Re8 13. f4 c6 14. Nc3 Ng4 15. Bxg7 Kxg7 16. Rfd1 Be6 17. Rd3 Re7 18. Rad1 Rae8 19. Bf3 Nf6 20. Na4 Bc8 21. Nc3 Kf7 22. Rd6 Re3 23. R1d3 R3e7 24. a4 a5 25. Nb1 Nd7 26. Nd2 Nc5 27. Rc3 Re3 28. Rxe3 Rxe3 29. Kf2 Re8 30. Rd4 Ne6 31. Rd3 Nc5 32. Rd6 Kf8 33. h3 Kf7 34. g4 Ke7 35. Rd4 1/2-1/2

[Event "CZE-ch U20 Girls"]
[Site "Jaromerice nad Rokytnou"]
[Date "2023.03.15"]
[Round "5"]
[White "Nagyova, Daniela"]
[Black "Trasakova, Adela"]
[Result "0-1"]
[WhiteElo "1900"]
[BlackElo "1894"]
[PlyCount "72"]
[EventDate "2023.03.11"]
[EventType "tourn"]
[EventRounds "9"]
[EventCountry "CZE"]
[SourceTitle "CBM 213 Extra"]
[Source "ChessBase"]
[SourceDate "2023.05.31"]
[SourceVersion "1"]
[SourceVersionDate "2023.05.31"]
[SourceQuality "1"]

1. e4 c6 2. d4 d5 3. e5 Bf5 4. h4 h5 5. c4 e6 6. Nc3 Ne7 7. Bg5 dxc4 8. Bxc4 Nd7 9. Nge2 f6 10. exf6 gxf6 11. Be3 Nb6 12. Bb3 Ned5 13. Ng3 Bg6 14. Qf3 Bb4 15. Bd2 Qe7 16. a3 Bd6 17. Nge4 0-0-0 18. 0-0 Bb8 19. Rac1 Rhg8 20. Rfe1 Bf5 21. Ng3 Bg4 22. Qd3 Nf4 23. Qe4 f5 24. Qc2 Qxh4 25. Nb5 Ne2+ 26. Rxe2 Bxe2 27. Bxe6+ Nd7 28. Qa4 Bxb5 29. Qxb5 Bxg3 30. fxg3 Qxd4+ 31. Kh2 Qxd2 32. Rc4 Qd6 33. Bxg8 Rxg8 34. Qb3 Rg4 35. Rc3 h4 36. Rd3 Rxg3 0-1

[Event "CZE-chT2D 2223"]
[Site "Czech Republic"]
[Date "2023.01.22"]
[Round "7.7"]
[White "Pokorny, Jiri2222"]
[Black "Trasakova, Adela"]
[Result "0-1"]
[WhiteElo "1482"]
[BlackElo "1836"]
[PlyCount "94"]
[EventDate "2022.10.16"]
[EventType "team-tourn"]
[EventRounds "11"]
[EventCountry "CZE"]
[SourceTitle "EXT 2024"]
[Source "ChessBase"]
[SourceDate "2023.10.10"]
[SourceVersion "1"]
[SourceVersionDate "2023.10.10"]
[SourceQuality "1"]
[WhiteTeam "Lanskroun"]
[BlackTeam "Polabiny IV"]
[WhiteTeamCountry "CZE"]
[BlackTeamCountry "CZE"]

1. e4 c6 2. d4 d5 3. exd5 cxd5 4. c3 Qc7 5. Bd3 Nc6 6. h3 Nf6 7. Nf3 g6 8. Qc2 Bg7 9. Bg5 Be6 10. 0-0 0-0 11. Nbd2 a6 12. Rae1 Qd7 13. Nh4 Rac8 14. Qb1 Nh5 15. Be2 Nf6 16. Bd3 b5 17. f4 h6 18. Bxf6 Bxf6 19. f5 Bxh4 20. fxe6 fxe6 21. Rxf8+ Rxf8 22. Rf1 Rxf1+ 23. Qxf1 Kg7 24. a4 bxa4 25. Bxa6 e5 26. dxe5 Nxe5 27. Qb5 Qa7+ 28. Kh1 e6 29. Qxa4 Qf2 30. Qd4 Qxd4 31. cxd4 Be1 32. dxe5 Bxd2 33. g3 Bc1 34. b4 Bb2 35. Kg2 Bxe5 36. Bd3 Kf6 37. g4 g5 38. Kf3 Bd4 39. Ke2 e5 40. Kd1 e4 41. Bf1 Ke5 42. b5 Kf4 43. Ke2 Bb6 44. Bg2 d4 45. Bh1 d3+ 46. Kd1 e3 47. Ke1 e2 0-1

[Event "EU-ch (Women) 22nd"]
[Site "Prague"]
[Date "2022.08.28"]
[Round "8"]
[White "Dwilewicz, Katarzyna"]
[Black "Trasakova, Adela"]
[Result "1-0"]
[WhiteElo "2131"]
[BlackElo "1862"]
[PlyCount "89"]
[EventDate "2022.08.20"]
[EventType "swiss"]
[EventRounds "11"]
[EventCountry "CZE"]
[SourceTitle "CBM 209 Extra"]
[Source "ChessBase"]
[SourceDate "2022.09.30"]
[SourceVersion "1"]
[SourceVersionDate "2022.09.30"]
[SourceQuality "1"]

1. e4 c6 2. d4 d5 3. Nc3 dxe4 4. Nxe4 Bf5 5. Ng3 Bg6 6. N1e2 e6 7. h4 h6 8. Nf4 Bh7 9. c3 Nf6 10. Bd3 Bxd3 11. Qxd3 Nbd7 12. Bd2 Qc7 13. 0-0-0 0-0-0 14. Rhe1 Bd6 15. Qf3 Nb6 16. Kb1 Nc4 17. Bc1 Qb6 18. Ka1 Rd7 19. Qe2 Bxf4 20. Bxf4 Nd6 21. c4 c5 22. Qe5 Qc7 23. dxc5 Nde8 24. Qxc7+ Nxc7 25. Rxd7 Kxd7 26. Rd1+ Kc8 27. b4 Rd8 28. Rxd8+ Kxd8 29. f3 a6 30. Be5 Nfe8 31. Kb2 f6 32. Bd6 b5 33. cxb6 Nxd6 34. bxc7+ Kxc7 35. Kc3 g5 36. hxg5 fxg5 37. Kd4 Kc6 38. a4 e5+ 39. Kd3 a5 40. b5+ Kb6 41. Ne4 Nb7 42. g4 Nd8 43. c5+ Kc7 44. Kc4 Nf7 45. Kd5 1-0

[Event "CZE-ch Rapid (Women)"]
[Site "Ceska Trebova"]
[Date "2022.05.14"]
[Round "5"]
[White "Holusova, Tana"]
[Black "Trasakova, Adela"]
[Result "0-1"]
[WhiteElo "2041"]
[BlackElo "1842"]
[PlyCount "137"]
[EventDate "2022.05.14"]
[EventType "swiss (rapid)"]
[EventRounds "9"]
[EventCountry "CZE"]
[SourceTitle "CBM 208 Extra"]
[Source "ChessBase"]
[SourceDate "2022.07.31"]
[SourceVersion "1"]
[SourceVersionDate "2022.07.31"]
[SourceQuality "1"]

1. e4 c6 2. d4 d5 3. Nc3 dxe4 4. Nxe4 Bf5 5. Ng3 Bg6 6. h4 h6 7. h5 Bh7 8. Nf3 Nd7 9. Bd3 Bxd3 10. Qxd3 e6 11. Be3 Ngf6 12. c3 Bd6 13. Ne4 Nxe4 14. Qxe4 Nf6 15. Qc2 Qc7 16. Rh4 0-0-0 17. 0-0-0 Qa5 18. Kb1 Rd7 19. Nd2 Be7 20. g4 Nd5 21. Rh3 Qc7 22. Nc4 Bf6 23. Bc1 Rhd8 24. Re1 c5 25. Ne5 Bxe5 26. dxe5 Nb6 27. Qe4 Rd5 28. f4 Qd7 29. g5 Rd1 30. Rhh1 Rxe1 31. Rxe1 Qd3+ 32. Qxd3 Rxd3 33. Rh1 Rg3 34. Kc2 c4 35. Kd2 hxg5 36. Ke2 g4 37. Kf2 Rf3+ 38. Kg2 Nd5 39. h6 gxh6 40. Rxh6 Nxf4+ 41. Bxf4 Rxf4 42. Kg3 Re4 43. Rf6 Rxe5 44. Kxg4 Rb5 45. Rxf7 Rxb2 46. a4 Rb3 47. Re7 Rxc3 48. Rxe6 Rd3 49. Re4 c3 50. Rc4+ Kd7 51. Kf4 Rh3 52. Kg4 Rd3 53. Kf4 Kd6 54. a5 Kd5 55. Rc8 Rd4+ 56. Ke3 Rc4 57. Rd8+ Kc5 58. Kd3 Kb4 59. a6 Rc7 60. Kc2 bxa6 61. Rb8+ Ka4 62. Rb1 a5 63. Rb8 Rc6 64. Rb7 a6 65. Rb8 Ka3 66. Rb3+ Ka2 67. Rb7 a4 68. Rb4 a3 69. Rb3 0-1

[Event "CZE-ch Rapid (Women)"]
[Site "Ceska Trebova"]
[Date "2022.05.14"]
[Round "3"]
[White "Smistikova, Ksenia"]
[Black "Trasakova, Adela"]
[Result "0-1"]
[WhiteElo "2123"]
[BlackElo "1842"]
[PlyCount "86"]
[EventDate "2022.05.14"]
[EventType "swiss (rapid)"]
[EventRounds "9"]
[EventCountry "CZE"]
[SourceTitle "CBM 208 Extra"]
[Source "ChessBase"]
[SourceDate "2022.07.31"]
[SourceVersion "1"]
[SourceVersionDate "2022.07.31"]
[SourceQuality "1"]

1. e4 c6 2. d4 d5 3. Nc3 dxe4 4. Nxe4 Nd7 5. Qe2 Ndf6 6. c3 Nxe4 7. Qxe4 Nf6 8. Qc2 Bg4 9. h3 Bh5 10. Bd3 e6 11. Ne2 Bg6 12. Bxg6 hxg6 13. Bg5 Bd6 14. f4 Qc7 15. 0-0 0-0 16. Bxf6 gxf6 17. Rf3 Kg7 18. Raf1 c5 19. Kh1 Rh8 20. c4 cxd4 21. Nxd4 a6 22. a3 Rac8 23. Qe4 Qxc4 24. b3 f5 25. bxc4 fxe4 26. Re3 Rxc4 27. Rxe4 Rhc8 28. a4 Kg8 29. Rfe1 Rxa4 30. Nf3 Rxe4 31. Rxe4 b5 32. Rd4 Rc6 33. Nd2 a5 34. Ne4 Rc1+ 35. Kh2 Bxf4+ 36. g3 Be5 37. Rd8+ Kg7 38. Ra8 a4 39. Ra5 Rc4 40. Ng5 Bf6 41. Rxb5 Rc2+ 42. Kg1 Bxg5 43. Rxg5 a3 0-1

[Event "CZE-ch U18/20 Girls"]
[Site "Spindleruv Mlyn"]
[Date "2022.03.17"]
[Round "7"]
[White "Leksova, Sona"]
[Black "Trasakova, Adela"]
[Result "1/2-1/2"]
[WhiteElo "1696"]
[BlackElo "1904"]
[PlyCount "63"]
[EventDate "2022.03.13"]
[EventType "tourn"]
[EventRounds "9"]
[EventCountry "CZE"]
[SourceTitle "EXT 2023"]
[Source "ChessBase"]
[SourceDate "2022.10.05"]
[SourceVersion "1"]
[SourceVersionDate "2022.10.05"]
[SourceQuality "1"]

1. e4 c6 2. d4 d5 3. exd5 cxd5 4. Nf3 Nf6 5. c3 Qc7 6. Bb5+ Bd7 7. Bxd7+ Nbxd7 8. Nbd2 e6 9. Qc2 Bd6 10. h3 0-0 11. 0-0 b5 12. Kh1 Rfc8 13. Nb1 b4 14. Qe2 Rab8 15. Be3 Ne4 16. Rc1 Qb7 17. c4 dxc4 18. Rxc4 Nb6 19. Rxc8+ Rxc8 20. Nbd2 Nxd2 21. Nxd2 Nd5 22. Nc4 Bf4 23. b3 Qa6 24. Qd2 Bc7 25. Kg1 Qb7 26. Kh1 Bb8 27. Ne5 Rc3 28. Nc4 Qc7 29. g3 Qc6 30. Kg1 Nxe3 31. Nxe3 h6 32. d5 1/2-1/2

[Event "Online Olym Div Top-C"]
[Site "Chess.com INT"]
[Date "2021.09.11"]
[Round "8.2"]
[White "Trasakova, Adela"]
[Black "Levitan, Ronit"]
[Result "0-1"]
[WhiteElo "1923"]
[BlackElo "2171"]
[PlyCount "60"]
[EventDate "2021.09.09"]
[EventType "team (rapid)"]
[EventRounds "9"]
[EventCountry "USA"]
[SourceTitle "CBM 204 Extra"]
[Source "ChessBase"]
[SourceDate "2021.11.30"]
[SourceVersion "1"]
[SourceVersionDate "2021.11.30"]
[SourceQuality "1"]
[WhiteTeam "Czech Republic"]
[BlackTeam "Israel"]
[WhiteTeamCountry "CZE"]
[BlackTeamCountry "ISR"]

1. d4 Nf6 2. Nf3 d5 3. g3 Bg4 4. Bg2 c6 5. c4 e6 6. Qb3 Qb6 7. c5 Qxb3 8. axb3 Nbd7 9. b4 a6 10. h3 Bxf3 11. Bxf3 e5 12. Be3 e4 13. Bg2 Be7 14. g4 Nf8 15. Bf4 Ne6 16. Bg3 Nxd4 17. Na3 a5 18. bxa5 Bxc5 19. e3 Bxa3 20. exd4 Bxb2 21. Rb1 Bxd4 22. Rxb7 0-0 23. 0-0 Rxa5 24. g5 Nh5 25. Bd6 Rfa8 26. Kh2 g6 27. f4 Ng7 28. h4 Nf5 29. Bc7 Rb5 30. Rb6 Bxb6 0-1

[Event "Online Olym Div Top-C"]
[Site "Chess.com INT"]
[Date "2021.09.09"]
[Round "2.3"]
[White "Eizaguerri Floris, Maria"]
[Black "Trasakova, Adela"]
[Result "1-0"]
[WhiteElo "2328"]
[BlackElo "1923"]
[PlyCount "97"]
[EventDate "2021.09.09"]
[EventType "team (rapid)"]
[EventRounds "9"]
[EventCountry "USA"]
[SourceTitle "CBM 204 Extra"]
[Source "ChessBase"]
[SourceDate "2021.11.30"]
[SourceVersion "1"]
[SourceVersionDate "2021.11.30"]
[SourceQuality "1"]
[WhiteTeam "Spain"]
[BlackTeam "Czech Republic"]
[WhiteTeamCountry "ESP"]
[BlackTeamCountry "CZE"]

1. e4 c6 2. d4 d5 3. e5 c5 4. dxc5 e6 5. Be3 Nc6 6. Nf3 Nh6 7. c3 Nf5 8. Bd4 Nfxd4 9. cxd4 Be7 10. Nc3 0-0 11. Bd3 b6 12. cxb6 Qxb6 13. Rb1 g6 14. Be2 Ba6 15. 0-0 Rab8 16. Bxa6 Qxa6 17. Qe2 Qa5 18. Rfc1 Rfc8 19. h3 Rb6 20. Qe3 Rcb8 21. b3 Nb4 22. Na4 Rb5 23. Qd2 Qd8 24. a3 Na6 25. Rc6 Nc7 26. Qc3 Ne8 27. Nc5 Rc8 28. Nxe6 Rxc6 29. Qxc6 Qb8 30. Nf4 Nc7 31. a4 Rb6 32. Qc2 f6 33. exf6 Bxf6 34. Qc5 Qd8 35. Rc1 Rb7 36. Qc6 Qb8 37. Qxf6 Rxb3 38. Ne6 Nxe6 39. Qxe6+ Kg7 40. Qe5+ Qxe5 41. dxe5 Rb7 42. Rd1 Rd7 43. Kf1 h6 44. Ke2 Kf7 45. Ke3 Ke6 46. Rc1 Kf5 47. g4+ Ke6 48. Rc6+ Ke7 49. Rxg6 1-0

[Event "Online Olym Div Top-C"]
[Site "Chess.com INT"]
[Date "2021.09.09"]
[Round "3.4"]
[White "Trasakova, Adela"]
[Black "Garifullina, Leya"]
[Result "0-1"]
[WhiteElo "1923"]
[BlackElo "2409"]
[PlyCount "58"]
[EventDate "2021.09.09"]
[EventType "team (rapid)"]
[EventRounds "9"]
[EventCountry "USA"]
[SourceTitle "CBM 204 Extra"]
[Source "ChessBase"]
[SourceDate "2021.11.30"]
[SourceVersion "1"]
[SourceVersionDate "2021.11.30"]
[SourceQuality "1"]
[WhiteTeam "Czech Republic"]
[BlackTeam "Russia"]
[WhiteTeamCountry "CZE"]
[BlackTeamCountry "RUS"]

1. d4 Nf6 2. Nf3 e6 3. g3 d5 4. Bg2 Be7 5. 0-0 0-0 6. c4 Nbd7 7. Qc2 c6 8. Nbd2 b6 9. e4 dxc4 10. Nxc4 Bb7 11. Be3 c5 12. Ncd2 Rc8 13. Qd3 cxd4 14. Qxd4 Nc5 15. Qxd8 Rfxd8 16. e5 Nd5 17. Bxc5 Rxc5 18. Rac1 Rdc8 19. Nb3 Rc2 20. Rxc2 Rxc2 21. Rc1 Rxb2 22. Nfd4 g6 23. Nb5 Rxa2 24. Nd6 Ba6 25. Bxd5 exd5 26. Rc7 Bf8 27. Rxa7 Ra3 28. Nd4 Ra1+ 29. Kg2 Bf1+ 0-1

[Event "CZE-ch Betsys Online Blitz"]
[Site "Chess.com INT"]
[Date "2021.04.17"]
[Round "13"]
[White "Vyvial, Vaclav"]
[Black "Trasakova, Adela"]
[Result "0-1"]
[WhiteElo "1485"]
[BlackElo "1792"]
[PlyCount "104"]
[EventDate "2021.04.17"]
[EventType "swiss (blitz)"]
[EventRounds "13"]
[EventCountry "CZE"]
[SourceTitle "CBM 201 Extra"]
[Source "ChessBase"]
[SourceDate "2021.05.31"]
[SourceVersion "1"]
[SourceVersionDate "2021.05.31"]
[SourceQuality "1"]

1. d4 d5 2. Bf4 Nf6 3. e3 c5 4. c3 Nc6 5. Nd2 Bf5 6. Ngf3 e6 7. h3 Bd6 8. Be2 Bxf4 9. exf4 cxd4 10. cxd4 0-0 11. 0-0 Qb6 12. Nb3 Be4 13. Nc5 Bxf3 14. Bxf3 Rfc8 15. Rc1 a6 16. b3 Ne7 17. Re1 Rc6 18. g4 Rac8 19. g5 Ne8 20. Bg4 Nd6 21. Bxe6 fxe6 22. Rxe6 Ndf5 23. Qd2 Rxe6 24. Nxe6 Rxc1+ 25. Qxc1 Qxe6 26. Qd2 Nc6 27. Kg2 Qe4+ 28. f3 Qxd4 29. Qe2 Qe3 30. Qc2 Nfd4 31. Qd1 Qe2+ 32. Qxe2 Nxe2 33. Kf2 Nc3 34. f5 Nxa2 35. Kg3 d4 36. Kf4 Nc3 37. h4 Kf7 38. h5 g6 39. fxg6+ hxg6 40. h6 b5 41. Kg4 d3 42. f4 d2 43. f5 d1Q+ 44. Kh4 Qh1+ 45. Kg3 Ne4+ 46. Kf4 Qh4+ 47. Ke3 gxf5 48. h7 Qxh7 49. g6+ Qxg6 50. b4 Qg3+ 51. Ke2 Nd4+ 52. Kf1 Qf2# 0-1

[Event "SVK-ch Amateur"]
[Site "Topolcany"]
[Date "2020.07.13"]
[Round "7"]
[White "Trasakova, Adela"]
[Black "Holly, Andrej"]
[Result "0-1"]
[WhiteElo "1660"]
[BlackElo "2009"]
[PlyCount "116"]
[EventDate "2020.07.10"]
[EventType "swiss"]
[EventRounds "7"]
[EventCountry "SVK"]
[SourceTitle "EXT 2021"]
[Source "ChessBase"]
[SourceDate "2020.10.23"]
[SourceVersion "1"]
[SourceVersionDate "2020.10.23"]
[SourceQuality "1"]

1. d4 f5 2. Nf3 e6 3. c4 Nf6 4. g3 Be7 5. Bg2 0-0 6. 0-0 d6 7. Nc3 a5 8. Qc2 Nc6 9. e4 Nb4 10. Qe2 Nxe4 11. Nxe4 fxe4 12. Qxe4 e5 13. Ne1 exd4 14. Qxd4 Bf6 15. Qd2 Be6 16. a3 Nc6 17. Bd5 Qd7 18. Ng2 Nd4 19. Qd3 Bxd5 20. cxd5 Rae8 21. Bd2 Qg4 22. f3 Ne2+ 23. Qxe2 Rxe2 24. fxg4 Rxd2 25. Nf4 c6 26. Rad1 Rxb2 27. dxc6 bxc6 28. Rxd6 c5 29. Ne6 Rc8 30. g5 Be5 31. Rd7 c4 32. Rdf7 Rbb8 33. R7f5 Bd6 34. Rf7 Be5 35. R7f5 Bb2 36. Rf7 Re8 37. Nc7 Rf8 38. Rxf8+ Rxf8 39. Rxf8+ Kxf8 40. Nb5 c3 41. Nd4 Bxa3 42. Kf1 Bb2 43. Ke2 a4 44. Nc2 a3 45. Nb4 c2 46. Nxc2 a2 47. Kf3 a1Q 48. Nxa1 Bxa1 49. Kg4 g6 50. h4 Ke7 51. h5 Ke6 52. Kh3 Kf5 53. Kh4 Bb2 54. g4+ Kf4 55. Kh3 Kxg5 56. Kg3 Be5+ 57. Kh3 Bd6 58. h6 Bc7 0-1